| 000 | 00822 a2200205 4500 | ||
|---|---|---|---|
| 003 | MN-UlNLM | ||
| 005 | 20221011113136.0 | ||
| 008 | a130t2010 mp ||||| |||| 00| 0 mon d | ||
| 040 | _aМонгол Улсын Үндэсний номын сан | ||
| 084 |
_a82.3(3) _2NNA _bГ 86 _q82 |
||
| 245 | 0 | _aГүнжийн үлгэрүүд | |
| 260 | 1 |
_c2010 _aУБ _bМөнхийн үсэг |
|
| 300 | _a52х | ||
| 546 | _aMongolia | ||
| 653 |
_aУтга зохиол _aҮлгэр |
||
| 740 |
_aГахай ба Дайси гүнж _aУлаан цэцгийн гүнж _aГүнж Сарнай _aГүнж ба цасан хүн _aПон хааны үлгэр _aАмьтдыг үзэн яддаг гүнж _aХатан хаан болох сориа _aШидэт толгод |
||
| 856 | _aprintbook | ||
| 942 | _cBK | ||
| 999 |
_c65344 _d65344 |
||